00670nam a2200217Ia 4500003000400000005001700004008004100021040000700062041000800069082002100077100002600098245002600124260004500150365001200195650002200207650002200229906003000251942001200281999001900293952014000312OSt20230516110932.0210423s1990 xx 000 0 und d cAL aeng a338.5 223bJHIM aJHINGAN (M L)9104916 aMicro economic theory aNew DelhibOxford University Pressc1990 b50cINR aEconomics9104917 aEconomics9104917 aeconomic ; Micro ; theory 2ddccBK c172177d172177 001040708MSWaSACPGbSACPGd2001-11-29eIntel Book Distributersg50.00l0o338.5 JHIMpPG018715r2022-08-24 00:00:00w2021-04-26yBK